Представление документа в формате MARC21

Поле Инд. ПП Название Значение
Тип записи a
Библиографический уровень m
001 Контрольный номер RU/IS/BASE/264540376
005 Дата корректировки 20250417170010.4
008 Кодируемые данные 19970417
040 00 e Правила каталог. Л 970417
084 a Индекс другой классификации/Индекс ББК 83.3(2=411.2)6-8Маяковский В. В.
090 00 a Полочн. индекс 83.3(2=411.2)6-8Маяковский В. В.
x Авторский знак П 279
097 00 a 230
100 10 a Автор Перцов В. О.
q Полное имя Перцов Виктор Осипович
245 00 a Заглавие Маяковский
b Продолж. заглавия жизнь и творчество
n Номер части/ раздела Т.1
p Название части/ раздела 1893-1917
250 00 a Основные сведения об издании 3-е изд.
260 00 a Место издания Москва
b Издательство Художественная литература
c Дата издания 1976
300 00 a Объем 413 с.
b Иллюстрации/ тип воспроизводства ил., портр.
336 a Термин вида содержания Текст
337 a Термин типа средства непосредственный
504 a Библиография Примеч.
600 14 a Персоналии Маяковский Владимир Владимирович
650 04 a Основная рубрика история литературы
a Основная рубрика литературоведение
a Основная рубрика филологические науки
653 00 a Ключевые слова "Облако в штанах"
a Ключевые слова XX век
a Ключевые слова биографии
a Ключевые слова история русской литературы
a Ключевые слова новейшее время
a Ключевые слова Россия
a Ключевые слова русская литература
a Ключевые слова творчество
901 t Тип документа m
952 a Тип литературы для КСУ ВШ НПИ